[Event "34th Chess Olympiad (men)"]
[Site "Istanbul"]
[Date "2000.10.30"]
[Round "3.24.4"]
[White "Bryson, Douglas M"]
[Black "Rogic, Davor"]
[WhiteElo "2370"]
[BlackElo "2501"]
[WhiteCountry "SCO"]
[BlackCountry "CRO"]
[Result "1-0"]

1. e4 e5 2. Nc3 Nf6 3. Bc4 Nc6 4. d3 Bb4 5. Bg5 h6 6. Bf6 Qf6 7. Nge2 Na5 
8. O-O Nc4 9. dc4 c6 10. Qd3 O-O 11. Rad1 Re8 12. Ng3 g6 13. Nce2 Bf8 
14. Qc3 Qe7 15. a3 d6 16. Rd2 Be6 17. Rfd1 Rad8 18. b3 b6 19. a4 Qb7 
20. Qf3 Qc7 21. Nc3 Kh7 22. Nf1 h5 23. Ne3 Bh6 24. Rd3 Rf8 25. Qe2 f5 
26. ef5 gf5 27. Qh5 e4 28. Rd4 Qg7 29. Rd6 Rde8 30. Ne2 f4 31. Nf4 Rf4 
32. Qe8 Bh3 33. Rd7 
1-0

[Event "34th Chess Olympiad (men)"]
[Site "Istanbul"]
[Date "2000.10.30"]
[Round "3.25.1"]
[White "Sadvakasov, Darmen"]
[Black "El Taher, Fouad"]
[WhiteElo "2509"]
[BlackElo "2485"]
[WhiteCountry "KAZ"]
[BlackCountry "EGY"]
[Result "1-0"]

1. e4 e5 2. Nf3 Nc6 3. d4 exd4 4. Nxd4 Bc5 5. Nxc6 Qf6 6. Qd2 Qxc6 7. Bd3 Nf6 
8. O-O O-O 9. b4 Bd4 10. c3 Bb6 11. c4 Bd4 12. Nc3 Ng4 13. Be2 Bxc3 
14. Qxc3 Qxe4 15. Bb2 Qg6 16. h3 Nf6 17. Bd3 Qg5 18. Rae1 d6 19. Re3 Bd7 
20. Rg3 Qh4 21. Be4 Rfe8 22. Bxb7 Rab8 23. Bd5 Kf8 24. Bc1 h6 25. Be3 a6 
26. Ba7 Rbd8 27. Bd4 Re2 28. Rf3 c6 29. Rxf6 cxd5 30. Rxd6 Kg8 31. Bxg7 Qxc4 
32. Qg3 
1-0

[Event "34th Chess Olympiad (men)"]
[Site "Istanbul"]
[Date "2000.10.30"]
[Round "3.25.2"]
[White "Labib, Ibrahim Hasan"]
[Black "Kazhgaleyev, Murtas"]
[WhiteElo "2426"]
[BlackElo "2526"]
[WhiteCountry "EGY"]
[BlackCountry "KAZ"]
[Result "1-0"]

1. e4 e5 2. Nf3 Nc6 3. Bb5 a6 4. Ba4 Nf6 5. O-O b5 6. Bb3 Bc5 7. c3 d6 
8. Re1 O-O 9. d4 Bb6 10. Be3 Bg4 11. d5 Bxe3 12. Rxe3 Ne7 13. Nbd2 h6 
14. a4 Ng6 15. c4 b4 16. c5 dxc5 17. Qc2 Qd6 18. Rc1 Nd7 19. h3 Bxf3 
20. Rxf3 a5 21. Nc4 Qe7 22. Rd1 Ra6 23. d6 cxd6 24. Qd2 d5 25. exd5 Nh4 
26. Rg3 Nf5 27. d6 Qd8 28. Rg4 Nd4 29. Qxh6 Qf6 30. Qh5 Nxb3 31. Ne3 Nd4 
32. Rdxd4 cxd4 33. Nf5 Qxf5 34. Qxf5 Rxd6 35. Qg5 Rg6 36. Qe7 Rxg4 37. hxg4 Nb6 
38. b3 Nd5 39. Qxe5 Nc3 40. Kf1 Rd8 41. Qxa5 Rd5 42. Qxb4 f5 43. g5 Kh7 
44. Ke1 Re5+ 45. Kd2 Ne4+ 46. Kc2 Rd5 47. f3 Ng3 48. Kd3 Kg6 49. Qe1 
1-0

[Event "34th Chess Olympiad (men)"]
[Site "Istanbul"]
[Date "2000.10.30"]
[Round "3.25.3"]
[White "Kostenko, Petr"]
[Black "Abdel, Razik Khaled"]
[WhiteElo "2466"]
[BlackElo "2405"]
[WhiteCountry "KAZ"]
[BlackCountry "EGY"]
[Result "1-0"]

1. e4 e6 2. d4 d5 3. Nd2 Ne7 4. Ngf3 g6 5. Bd3 Bg7 6. O-O Nd7 7. c3 c5 
8. e5 Nc6 9. b3 O-O 10. Ba3 Qa5 11. Bb2 f6 12. exf6 Bxf6 13. Be2 e5 14. b4 cxb4 
15. dxe5 Ndxe5 16. Nxe5 Bxe5 17. cxb4 Qxb4 18. Bxe5 Nxe5 19. Nf3 Qd6 
20. Nxe5 Qxe5 21. Bf3 d4 22. Re1 Qf6 23. Qb3+ Kh8 24. Red1 a5 25. Qb2 Rd8 
26. Rac1 Ra6 27. Rc7 Rad6 28. Rdc1 Be6 29. Rxb7 Bg8 30. h3 d3 31. Qd2 a4 
32. Ra7 Qd4 33. Rcc7 Qa1+ 34. Kh2 Qe5+ 35. g3 Qd4 36. Kg2 g5 37. Qxg5 Rf8 
38. Qh5 h6 39. Rd7 Qf6 40. Rxd6 Qxd6 41. Rd7 Qf6 42. Rxd3 Bxa2 43. Qc5 Bb1 
44. Ra3 Bf5 45. h4 Be6 46. Rd3 Bb3 47. Be4 Be6 48. Rf3 
1-0

[Event "34th Chess Olympiad (men)"]
[Site "Istanbul"]
[Date "2000.10.30"]
[Round "3.26.1"]
[White "Hatanbaatar, Bazar"]
[Black "Papaioannou, Ioannis"]
[WhiteElo "2507"]
[BlackElo "2578"]
[WhiteCountry "MGL"]
[BlackCountry "GRE"]
[Result "0-1"]

1. e4 d5 2. ed5 Qd5 3. Nc3 Qa5 4. d4 c6 5. Nf3 Nf6 6. Bc4 Bf5 7. Ne5 e6 
8. O-O Bd6 9. Bf4 Qc7 10. Qe2 O-O 11. Rad1 Nd5 12. Bg3 Nc3 13. bc3 Nd7 
14. Nd7 Qd7 15. Bb3 Bg6 16. c4 Bg3 17. hg3 c5 18. c3 Rac8 19. Rd2 h6 
20. Rfd1 Qd6 21. Qe5 Rfd8 22. Qd6 Rd6 23. dc5 Rd2 24. Rd2 Be4 25. Ba4 Rc5 
26. f3 Bg6 27. Bb3 Rc7 28. Rd8+ Kh7 29. Kf2 h5 30. Ke3 e5 31. f4 Re7 
32. Kf2 Be4 33. c5 Kg6 34. Bd5 Bd5 35. Rd5 f6 36. Kf3 Kf5 37. a4 g6 38. c4 Rc7 
39. fe5 fe5 40. g4+ hg4+ 41. Ke3 b6 42. cb6 ab6 43. Kd3 Ra7 44. Rd6 Ra4 
45. Rb6 Ra3+ 46. Ke2 Ra2+ 47. Kf1 Rc2 48. g3 Rc4 49. Rb2 Rc3 50. Kg2 Ke4 
51. Rb4+ Kf5 52. Rb2 Rd3 53. Kf2 Rc3 54. Ra2 Rb3 55. Kg2 Ke4 56. Ra4+ Kf5 
57. Ra2 Rb5 58. Kf2 Rd5 59. Ke3 Rd1 60. Rf2+ Ke6 61. Rf8 Re1+ 62. Kf2 Rb1 
63. Ra8 Rb2+ 64. Ke3 Rg2 65. Ke4 Kf6 66. Ra6+ Kg5 67. Ra3 Re2+ 68. Kd3 Rf2 
69. Ke4 Rf3 70. Ra5 Rg3 71. Re5+ Kh4 72. Re6 Rf3 73. Rg6 Rf8 74. Ke3 Kh3 
75. Ke2 g3 76. Rh6+ Kg2 77. Rh7 Re8+ 78. Kd2 Kf2 79. Rf7+ Kg1 80. Rg7 g2 
81. Rh7 Re5 
0-1

[Event "34th Chess Olympiad (men)"]
[Site "Istanbul"]
[Date "2000.10.30"]
[Round "3.26.2"]
[White "Miladinovic, Igor"]
[Black "Sharavdorj, Dashzeveg"]
[WhiteElo "2563"]
[BlackElo "2448"]
[WhiteCountry "GRE"]
[BlackCountry "MGL"]
[Result "1-0"]

1. d4 e6 2. c4 Bb4+ 3. Nc3 Nf6 4. Nf3 O-O 5. Bg5 h6 6. Bh4 c5 7. e3 cd4 
8. Nd4 Be7 9. Be2 d5 10. O-O a6 11. Bf6 Bf6 12. cd5 ed5 13. Bf3 Be6 
14. Nde2 Ra7 15. Rb1 Bf5 16. Rc1 Be4 17. Ne4 de4 18. Be4 Bb2 19. Qd8 Rd8 
20. Rb1 Rd2 21. Nc1 Bf6 22. Bb7 Nd7 23. a4 Nc5 24. Nb3 Rc2 25. Nc5 Rc5 
26. Be4 g6 27. Bd3 Kg7 28. Rfc1 Rc1+ 29. Rc1 a5 30. Kf1 Be7 31. Bb5 Bb4 
32. Rc8 Re7 33. Bc4 Bd6 34. Rd8 Bb4 35. Ke2 Rc7 36. Bd3 Be7 37. Rd5 Bb4 
38. h4 Rc5 39. Rd7 Re5 40. f4 Re7 41. Rd5 h5 42. e4 Rc7 43. e5 Re7 44. Kf3 Bc3 
45. Rc5 Bb4 46. Rc6 Re6 47. Rc8 Re7 48. Bc4 Be1 49. g3 Bb4 50. Rc6 Rd7 
51. Ba6 Kh7 52. Bb5 Re7 53. g4 hg4+ 54. Kg4 Kh6 55. h5 f5+ 56. ef6 gh5+ 
57. Kf5 Rf7 58. Bc4 Rf8 59. f7+ Kh7 60. Kg5 Be7+ 61. Kh5 Rd8 62. Rh6+ Kg7 
63. Rg6+ Kh7 64. Rg8 Rd4 65. Bb3 Rd2 66. f8N+ 
1-0

[Event "34th Chess Olympiad (men)"]
[Site "Istanbul"]
[Date "2000.10.30"]
[Round "3.26.4"]
[White "Nikolaidis, Ioannis"]
[Black "Erhembayar, Duurenbayar"]
[WhiteElo "2515"]
[BlackElo "2301"]
[WhiteCountry "GRE"]
[BlackCountry "MGL"]
[Result "1-0"]

1. d4 Nf6 2. c4 g6 3. Nc3 d5 4. Nf3 Bg7 5. cd5 Nd5 6. e4 Nc3 7. bc3 O-O 
8. h3 c5 9. Be2 cd4 10. cd4 Nc6 11. Be3 Qa5+ 12. Bd2 Qa3 13. d5 Ne5 
14. O-O Nf3+ 15. Bf3 Ba1 16. Qa1 f6 17. Rb1 Qd6 18. Bb4 Qd8 19. e5 fe5 
20. Qe5 Rf5 21. Qe3 Rf7 22. Re1 Bd7 23. d6 e6 24. Bc3 Qf8 25. Bb7 Rb8 
26. Be4 Rb5 27. Bd3 Rd5 28. Bc4 Qd6 29. Bd5 Qd5 30. f3 Bb5 31. Kh2 Qd6+ 
32. Be5 Qb6 33. Qg5 Bc4 34. Rc1 Qb5 35. f4 Qd5 36. Rb1 Bb5 37. a4 Bc6 
38. Rb4 Be8 39. Rb8 Kf8 40. Qh6+ Ke7 41. a5 Qa5 42. Rb7+ Kd8 43. Rf7 
1-0

[Event "34th Chess Olympiad (men)"]
[Site "Istanbul"]
[Date "2000.10.30"]
[Round "3.27.2"]
[White "Valdes, Leonardo (fm)"]
[Black "Agrest, Evgenij"]
[WhiteElo "2308"]
[BlackElo "2554"]
[WhiteCountry "CRC"]
[BlackCountry "SWE"]
[Result "1/2-1/2"]

1. Nf3 d6 2. g3 g6 3. Bg2 Bg7 4. c4 f5 5. Nc3 Nf6 6. O-O O-O 7. d3 Nh5 
8. d4 Kh8 9. d5 Nd7 10. Nd4 Ne5 11. b3 f4 12. Bb2 Bd7 13. Qd2 c6 14. dxc6 bxc6 
15. Nf3 Qa5 16. Nxe5 Qxe5 17. Rab1 Qa5 18. a3 fxg3 19. hxg3 Nf6 20. Ne4 Qxd2 
21. Nxd2 Rab8 22. b4 Kg8 23. Nb3 a6 24. Na5 Rfc8 25. Rfd1 c5 26. Bb7 Rc7 
27. Bxf6 Bxf6 28. bxc5 Kg7 29. cxd6 exd6 30. Bd5 Re8 31. e3 Bc3 32. Nb7 Ba4 
33. Rf1 h5 34. Nxd6 Rh8 35. Ne4 Ba5 36. Ng5 Kf6 37. Ne6 Ra7 38. Nd4 Rc8 
39. Kg2 Bd8 40. Rfc1 Be7 41. Rb6+ Kg7 42. Ne6+ Kh6 43. Nf4 Be8 44. Nxg6 Bxg6 
45. Be4 Rg8 46. Rcb1 Bd8 47. Re6 Kh7 48. Rxg6 Rxg6 49. Kf3 Rf7+ 50. Ke2 Kg7 
51. Bxg6 Kxg6 52. f4 Rd7 53. c5 Kf5 54. Kf3 Ke6 55. Ke4 a5 56. Rb8 Rd1 
57. c6 Bc7 58. Rh8 Rc1 59. Rxh5 Rc4+ 60. Kd3 Ra4 61. g4 Rxa3+ 62. Ke4 Ra4+ 
63. Kd3 Ra3+ 64. Ke4 Ra4+ 65. Kd3 
1/2-1/2

[Event "34th Chess Olympiad (men)"]
[Site "Istanbul"]
[Date "2000.10.30"]
[Round "3.27.3"]
[White "Cramling, Pia (gm)"]
[Black "Hernandez, Basante Francisco"]
[WhiteElo "2484"]
[BlackElo "2309"]
[WhiteCountry "SWE"]
[BlackCountry "CRC"]
[Result "1-0"]

1. d4 d5 2. Nf3 Nf6 3. c4 c6 4. e3 Bg4 5. Qb3 Qc8 6. Ne5 Bf5 7. cxd5 cxd5 
8. Nc3 e6 9. Bb5+ Nfd7 10. e4 dxe4 11. g4 Bg6 12. h4 f6 13. Qxe6+ Kd8 
14. Nxg6 hxg6 15. Be3 Bb4 16. Rc1 a6 17. Bxd7 Nxd7 18. a3 Re8 19. Qd5 Bxc3+ 
20. Rxc3 Qb8 21. h5 gxh5 22. Rh3 h4 23. Rxh4 b5 24. Rh7 Ra7 25. Rxg7 Qh2 
26. Qc6 Qb8 27. d5 Rb7 28. Bb6+ 
1-0

[Event "34th Chess Olympiad (men)"]
[Site "Istanbul"]
[Date "2000.10.30"]
[Round "3.27.4"]
[White "Bermudez, Sergio"]
[Black "Brynell, Stellan"]
[WhiteElo "2185"]
[BlackElo "2484"]
[WhiteCountry "CRC"]
[BlackCountry "SWE"]
[Result "0-1"]

1. d4 e6 2. c4 Nf6 3. Nc3 Bb4 4. Bg5 h6 5. Bh4 c5 6. e3 cxd4 7. exd4 O-O 
8. Bd3 d5 9. Nf3 dxc4 10. Bxc4 b6 11. Qe2 Bb7 12. O-O Nbd7 13. Rad1 Bxc3 
14. bxc3 Rc8 15. Bg3 Ne4 16. Rc1 b5 17. Bd3 Nxc3 18. Qb2 b4 19. Bd6 Bxf3 
20. gxf3 Qg5+ 21. Kh1 Qd5 22. Bxb4 Qxf3+ 23. Kg1 Qxd3 24. Bxc3 Nb6 25. Bb4 Rfd8 
26. Bc5 Nd5 27. Qb3 Qf5 28. Rfe1 Nf4 29. Rc3 Qg4+ 30. Rg3 Ne2+ 31. Kg2 Nxg3 
32. hxg3 Rd5 33. f3 Qg6 34. Re2 h5 35. Bxa7 h4 36. g4 Qh6 37. Qe3 Qxe3 
38. Rxe3 Rc2+ 39. Kh3 Rxa2 40. Bc5 g5 41. Rd3 Rd7 42. f4 f6 43. fxg5 fxg5 
44. Bb4 Rf7 45. Bd2 Rf2 46. Bxg5 Rh2# 
0-1

[Event "34th Chess Olympiad (men)"]
[Site "Istanbul"]
[Date "2000.10.30"]
[Round "3.28.1"]
[White "Ali, Mohammed"]
[Black "Rogers, Ian"]
[WhiteElo "2307"]
[BlackElo "2558"]
[WhiteCountry "IRQ"]
[BlackCountry "AUS"]
[Result "1/2-1/2"]

1. Nf3 c5 2. b3 d6 3. Bb2 e5 4. d3 f5 5. g3 Nf6 6. Bg2 Nc6 7. O-O Be7 8. c4 O-O 
9. Nc3 Qe8 10. e3 Qh5 11. Ne1 Qh6 12. Nd5 Nxd5 13. cxd5 Nd8 14. f4 Bf6 
15. Qc1 Nf7 16. Nf3 Re8 17. fxe5 Nxe5 18. Nxe5 Bxe5 19. Bxe5 Rxe5 20. e4 Qxc1 
21. Raxc1 fxe4 22. dxe4 Bd7 23. Rf4 b5 24. Rcf1 Rae8 25. h4 h5 26. a3 a5 
27. Kf2 Bg4 28. Rc1 R5e7 29. Ke3 Ra8 30. Bf1 a4 31. Bxb5 axb3 32. a4 Bd7 
33. Rb1 Bxb5 34. axb5 Ra3 35. Kd3 Rb7 36. Kc4 Ra4+ 37. Kxb3 Rxb5+ 38. Kxa4 Rxb1 
39. e5 dxe5 40. Re4 c4 41. Rxe5 c3 42. Re8+ Kf7 43. Rc8 Rd1 44. Rxc3 Rxd5 
45. Kb4 Ke6 46. Kc4 Rd7 47. Rf3 Ke5 48. Kc3 g6 49. Rd3 Rc7+ 50. Kd2 Ke4 
51. Rd6 Kf5 
1/2-1/2

[Event "34th Chess Olympiad (men)"]
[Site "Istanbul"]
[Date "2000.10.30"]
[Round "3.28.3"]
[White "Araz, Mohammad"]
[Black "West, Guy"]
[WhiteElo "2286"]
[BlackElo "2372"]
[WhiteCountry "IRQ"]
[BlackCountry "AUS"]
[Result "1/2-1/2"]

1. d4 Nf6 2. c4 c5 3. d5 b5 4. Nf3 g6 5. cxb5 a6 6. b6 Qxb6 7. Nc3 d6 8. e4 Bg4 
9. Be2 Bxf3 10. Bxf3 Bg7 11. O-O O-O 12. Rb1 Nbd7 13. Be3 Rfb8 14. Be2 Ne8 
15. Qc2 Qd8 16. a3 a5 17. h3 Nc7 18. Rfc1 Rb7 19. Na2 Nb5 20. Nc3 Nd4 
21. Bxd4 Bxd4 22. Bb5 Rab8 23. a4 Bg7 24. Re1 Rb6 25. Nd1 Ra8 26. Ne3 Rbb8 
27. Nc4 Ne5 28. b3 Nxc4 29. Qxc4 Bd4 30. Re2 Qf8 31. Qd3 Kh8 32. Kh1 Qh6 
33. Rf1 g5 34. Qf3 Qg6 35. Qf5 Qxf5 36. exf5 Ra7 37. f4 h6 38. g3 Kg7 
39. Kg2 Kf6 40. fxg5+ Kxg5 41. h4+ Kf6 42. g4 Be5 43. Kf3 Rab7 44. g5+ Kg7 
45. Ke4 Rxb5 46. axb5 hxg5 47. hxg5 Rxb5 48. f6+ exf6 49. gxf6+ Kf8 
50. Rf3 Rb4+ 51. Kf5 Rh4 52. Kg5 Rh1 53. Re4 Ke8 54. Rh4 Rg1+ 55. Rg4 Rh1 
56. Rh4 Rg1+ 57. Rg4 Rh1 58. Kf5 Kf8 59. Kg5 
1/2-1/2

[Event "34th Chess Olympiad (men)"]
[Site "Istanbul"]
[Date "2000.10.30"]
[Round "3.28.4"]
[White "Sandler, Leonid"]
[Black "Aziz, Ahmad"]
[WhiteElo "2416"]
[BlackElo "2323"]
[WhiteCountry "AUS"]
[BlackCountry "IRQ"]
[Result "1-0"]

1. Nf3 Nf6 2. c4 g6 3. d4 Bg7 4. g3 O-O 5. Bg2 d6 6. Nc3 Nbd7 7. O-O e5 
8. e4 c6 9. h3 Re8 10. Re1 Qc7 11. Be3 Nf8 12. Rc1 N6d7 13. Kh2 a5 14. b3 exd4 
15. Nxd4 Nc5 16. a3 Be6 17. b4 axb4 18. axb4 Na6 19. Nd5 Qd8 20. Nxe6 Nxe6 
21. Nb6 Rb8 22. Qd2 c5 23. Nd5 Nd4 24. Rb1 Kh8 25. f4 b6 26. Rf1 Nc7 
27. Nc3 Ra8 28. bxc5 bxc5 29. Rb7 Ra3 30. Ne2 Nxe2 31. Qxe2 f5 32. Rd1 Ne6 
33. e5 Ra6 34. Qf2 Bf8 35. Qb2 Bg7 36. Qb5 Ra3 37. Rxd6 Qc8 38. Rdb6 Nc7 
39. Rxc7 
1-0

[Event "34th Chess Olympiad (men)"]
[Site "Istanbul"]
[Date "2000.10.30"]
[Round "3.29.1"]
[White "Ilincic, Zlatko"]
[Black "Zulfugarli, Magomed"]
[WhiteElo "2563"]
[BlackElo "2510"]
[WhiteCountry "YUG"]
[BlackCountry "AZE"]
[Result "1-0"]

1. d4 Nf6 2. c4 g6 3. g3 Bg7 4. Bg2 O-O 5. Nc3 d6 6. Nf3 Nc6 7. O-O a6 
8. h3 Rb8 9. Qc2 Bd7 10. e4 b5 11. cxb5 axb5 12. e5 Ne8 13. Qe4 b4 14. Ne2 Rb5 
15. Bf4 d5 16. Qe3 Na5 17. b3 c6 18. Bh6 Nc7 19. Bxg7 Kxg7 20. Nf4 Nb7 
21. Rfc1 Rb6 22. h4 Bf5 23. h5 Qd7 24. Kh2 h6 25. hxg6 fxg6 26. e6 Nxe6 
27. Ne5 Qd6 28. Nexg6 Nxf4 29. Nxf4 Nd8 30. Bh3 Rb7 31. Re1 Bxh3 32. Kxh3 Rf5 
33. Kg2 Qf6 34. Rh1 Kg8 35. Rae1 e6 36. Nd3 h5 37. Rh4 Rg7 38. Reh1 Qf7 
39. Nxb4 c5 40. dxc5 e5 41. c6 e4 42. c7 Qxc7 43. Rxh5 Rf3 44. Qg5 Nf7 
45. Rc1 Nxg5 46. Rxc7 Rxc7 47. Rxg5+ Kf7 48. Rxd5 Ke6 49. Rd4 Ke5 50. Rd1 Rf8 
51. Rd5+ Ke6 52. Rd2 Rc1 53. Re2 Kf5 54. Nc2 Rh8 55. Ne3+ Ke5 56. Nc4+ Kd5 
57. Rd2+ Kc5 58. Ne3 Rch1 59. Nf1 R1h7 60. g4 Rf7 61. Ne3 Rfh7 62. Rd5+ Kc6 
63. Re5 Rh2+ 64. Kf1 Rh1+ 65. Ke2 Ra1 66. Ra5 Rhh1 67. Ra4 Rhb1 68. Rc4+ Kd6 
69. Rc2 Ke5 70. Kd2 Kd4 71. Nf5+ Ke5 72. Ne3 Kd4 73. Rc4+ Ke5 74. Rc5+ Ke6 
75. Rc2 Ke5 76. g5 Rg1 77. Rc5+ Ke6 78. Ra5 Rh1 79. Ra6+ Ke5 80. Ng4+ Kf4 
81. g6 Rhg1 82. Ne3 Ke5 83. b4 Rab1 84. Kc3 Rbc1+ 85. Kb3 Rb1+ 86. Ka4 Rbe1 
87. Ra5+ Ke6 88. Nd5 Ref1 89. Nf4+ Kf6 90. a3 Kg7 91. Ra7+ Kf6 92. g7 Ke5 
93. Ne2 Rg4 94. Rf7 Ke6 95. Rf8 Rxg7 96. Nc3 Ke5 97. Re8+ Kd4 98. Nxe4 Ra7+ 
99. Kb3 Rb1+ 100. Kc2 Ra1 101. Nc3 Rc1+ 102. Kxc1 Kxc3 103. Re3+ 
1-0

[Event "34th Chess Olympiad (men)"]
[Site "Istanbul"]
[Date "2000.10.30"]
[Round "3.29.2"]
[White "Maherramzade, Javad"]
[Black "Ivanisevic, Ivan"]
[WhiteElo "2433"]
[BlackElo "2530"]
[WhiteCountry "AZE"]
[BlackCountry "YUG"]
[Result "0-1"]

1. d4 d5 2. c4 c6 3. Nf3 Nf6 4. Nc3 e6 5. g3 dxc4 6. Bg2 b5 7. Ne5 Nd5 
8. O-O Be7 9. a4 f6 10. Ng4 b4 11. Nxd5 exd5 12. e4 dxe4 13. Ne3 f5 14. f3 exf3 
15. Qxf3 Qxd4 16. Kh1 O-O 17. Nd5 Bd6 18. Bg5 Be6 19. Ne7+ Bxe7 20. Bxe7 Bd5 
21. Rad1 Bxf3 22. Rxd4 Bxg2+ 23. Kxg2 Re8 24. Bxb4 Na6 25. Bc3 Re2+ 
26. Rf2 Rxf2+ 27. Kxf2 Nc5 28. Rxc4 Ne4+ 29. Kf3 c5 30. g4 g6 31. gxf5 gxf5 
32. Kf4 Kf7 33. Ke5 Re8+ 34. Kd5 Rd8+ 35. Ke5 Rd3 36. Ba5 Re3 37. Rc2 Kg6 
38. Rg2+ Ng5+ 39. Kd5 Kh5 40. Kxc5 Re5+ 41. Kb4 f4 42. Bc7 Rf5 43. Rg1 f3 
44. Kc4 f2 45. Rf1 Kg4 46. Kd3 Kf3 47. Bg3 Ne4 48. Bxf2 Nxf2+ 49. Kc4 Kg2 
50. Re1 a5 51. h4 h5 52. Re3 Nd1 53. Rb3 Rf4+ 54. Kb5 Rxh4 55. Kxa5 Rg4 
56. Kb5 h4 57. a5 h3 58. Rd3 Nf2 59. Rxh3 Kxh3 60. a6 Ne4 61. a7 Rg8 
62. Kc6 Rc8+ 63. Kb6 Nd6 64. b4 Kg4 65. b5 Ra8 66. Kc6 Nxb5 
0-1

[Event "34th Chess Olympiad (men)"]
[Site "Istanbul"]
[Date "2000.10.30"]
[Round "3.29.3"]
[White "Solak, Dragan"]
[Black "Mirzoev, Azer"]
[WhiteElo "2490"]
[BlackElo "2414"]
[WhiteCountry "YUG"]
[BlackCountry "AZE"]
[Result "1/2-1/2"]

1. e4 c5 2. Nf3 Nc6 3. d4 cxd4 4. Nxd4 g6 5. c4 Nf6 6. Nc3 d6 7. Be2 Nxd4 
8. Qxd4 Bg7 9. O-O O-O 10. Qe3 Bd7 11. Rb1 a6 12. h3 Bc6 13. b4 b6 14. Bb2 a5 
15. a3 axb4 16. axb4 Nd7 17. f4 Re8 18. Rfd1 Ra7 19. Kh2 Qa8 20. Rd2 Bh6 
21. g3 e5 22. Nd5 Bxd5 23. cxd5 Qd8 24. Bb5 exf4 25. gxf4 f5 26. Rd4 Qh4 
27. e5 dxe5 28. fxe5 Qh5 29. Qf2 Rxe5 30. Rh4 Be3 31. Qg3 f4 32. Rxf4 Bxf4 
33. Qxf4 Ra2 34. Qc4 Rxb2+ 35. Rxb2 Nf6 36. Rf2 Rf5 37. Re2 Kg7 38. Qc7+ Kh6 
39. Qc1+ g5 40. Qc8 Qf3 41. Qf8+ Kg6 42. Be8+ Nxe8 43. Qxe8+ Rf7 44. Qe6+ Rf6 
45. Qe8+ Rf7 
1/2-1/2

[Event "34th Chess Olympiad (men)"]
[Site "Istanbul"]
[Date "2000.10.30"]
[Round "3.29.4"]
[White "Bagirov, Rufat"]
[Black "Vuckovic, Bojan"]
[WhiteElo "2471"]
[BlackElo "2444"]
[WhiteCountry "AZE"]
[BlackCountry "YUG"]
[Result "1/2-1/2"]

1. d4 Nf6 2. c4 c5 3. d5 b5 4. cxb5 a6 5. b6 e6 6. Nc3 Nxd5 7. Nxd5 exd5 
8. Qxd5 Nc6 9. Nf3 Rb8 10. e4 Be7 11. Bc4 O-O 12. O-O Rxb6 13. Qh5 d6 
14. b3 Be6 15. Bxe6 fxe6 16. Qg4 Qc8 17. Bb2 Bf6 18. e5 dxe5 19. Rae1 Rb4 
20. Qg3 e4 21. Bxf6 Rxf6 22. Nd2 Rg6 23. Qc3 Rd4 24. Nxe4 Rd5 25. Nxc5 Nd4 
26. b4 a5 27. a3 Qc6 28. f3 Nb5 29. Qe3 Nxa3 30. Qxa3 axb4 31. Qxb4 Qxc5+ 
32. Qxc5 Rxc5 
1/2-1/2

[Event "34th Chess Olympiad (men)"]
[Site "Istanbul"]
[Date "2000.10.30"]
[Round "3.30.1"]
[White "Efimov, Igor"]
[Black "Matamoros, Franco Carlos S"]
[WhiteElo "2520"]
[BlackElo "2467"]
[WhiteCountry "ITA"]
[BlackCountry "ECU"]
[Result "1-0"]

1. d4 Nf6 2. Nf3 c5 3. d5 g6 4. Nc3 Bg7 5. e4 d6 6. Bb5+ Nfd7 7. a4 Na6 
8. Bf4 Nc7 9. Bc4 a6 10. Qd2 O-O 11. Bh6 Nf6 12. Bxg7 Kxg7 13. O-O Rb8 
14. a5 b5 15. axb6ep Rxb6 16. b3 Nb5 17. h3 e5 18. dxe6 fxe6 19. Rfd1 Qc7 
20. Qe3 e5 21. Bxb5 axb5 22. Ra5 Bd7 23. Nd5 Nxd5 24. exd5 Bf5 25. c3 b4 
26. c4 h6 27. Rda1 Rb7 28. Ra6 Qe7 29. Nd2 g5 30. R1a5 Rd7 31. Nf3 Bg6 
32. Nh2 Bf5 33. Nf1 Bg6 34. Rb6 Rf4 35. Ra8 Rd8 36. Raa6 Rd4 37. Qe2 Rf4 
38. Qa2 Rf7 39. Ne3 Rd7 40. Ra8 Rf8 41. Raa6 Rf7 42. Rc6 Rf8 43. Qe2 h5 
44. Nf1 Kh6 45. Nd2 Kg7 46. Nf3 e4 47. Nd2 Qe5 48. Nf1 Rf6 49. Ra2 Rdf7 
50. Qe3 Rf4 51. Rca6 R4f6 52. Ra7 Rf4 53. Rxf7+ Rxf7 54. Qd2 Rf8 55. Ne3 Rf7 
56. Qc1 Qd4 57. Ra6 Qf6 58. Qa1 Qxa1+ 59. Rxa1 Kf6 60. Ra8 Rg7 61. Kf1 Ke5 
62. Ke2 Re7 63. Nc2 e3 64. Nxe3 Kd4 65. Kd2 Rf7 66. Nd1 g4 67. hxg4 hxg4 
68. Rg8 Rf6 69. Rg7 Ke5 70. Ke2 Kd4 71. Kd2 Ke4 72. Re7+ Kd4 73. Re3 Bf5 
74. Rg3 Rf8 75. Ne3 Bd7 76. Nxg4 
1-0

[Event "34th Chess Olympiad (men)"]
[Site "Istanbul"]
[Date "2000.10.30"]
[Round "3.30.3"]
[White "Arlandi, Ennio"]
[Black "Mera, Cedeno Angel"]
[WhiteElo "2437"]
[BlackElo "2376"]
[WhiteCountry "ITA"]
[BlackCountry "ECU"]
[Result "1-0"]

1. d4 g6 2. c4 Bg7 3. e4 Nc6 4. Nf3 e5 5. Bg5 f6 6. Be3 d6 7. Be2 Nh6 8. d5 Ne7 
9. Nfd2 f5 10. f3 c5 11. Nc3 O-O 12. Rb1 b6 13. b4 cxb4 14. Rxb4 Bd7 15. a4 Nc8 
16. Rb2 Nf7 17. Qc2 Bh6 18. Bf2 Qg5 19. O-O Nd8 20. a5 Nb7 21. Nb3 Qd8 
22. Ra1 Qc7 23. axb6 Nxb6 24. Nb5 Bxb5 25. cxb5 Qf7 26. Bd3 fxe4 27. fxe4 Bf4 
28. Rba2 Nc5 29. Nxc5 dxc5 30. Qxc5 Rfc8 31. Qd6 Rc3 32. Bxb6 Rac8 33. Bf2 Rxd3 
34. Rxa7 Bxh2+ 35. Kh1 Qf8 36. Qe6+ Kh8 37. Rf7 Qd8 38. Raa7 
1-0

[Event "34th Chess Olympiad (men)"]
[Site "Istanbul"]
[Date "2000.10.30"]
[Round "3.30.4"]
[White "Munoz, Sotomayor Hugo"]
[Black "Rossi, Carlo"]
[WhiteElo "2322"]
[BlackElo "2436"]
[WhiteCountry "ECU"]
[BlackCountry "ITA"]
[Result "0-1"]

1. c4 Nc6 2. Nc3 g6 3. d4 Bg7 4. d5 Nb8 5. e4 d6 6. Nge2 c5 7. Ng3 h5 8. Be2 h4 
9. Nf1 h3 10. g3 a6 11. Ne3 e5 12. dxe6ep Bxe6 13. O-O Nc6 14. Ncd5 Nd4 
15. Bg4 Nh6 16. Bxe6 fxe6 17. Nf4 Nf7 18. Nc2 Nxc2 19. Nxe6 Qf6 20. Nxg7+ Kd7 
21. Qg4+ Ke7 22. e5 Nxe5 23. Qe4 Qf3 24. Qd5 Qxd5 25. cxd5 Nf3+ 26. Kh1 Nxa1 
0-1

[Event "34th Chess Olympiad (men)"]
[Site "Istanbul"]
[Date "2000.10.30"]
[Round "3.31.1"]
[White "Stefansson, Hannes"]
[Black "Fernandes, Antonio"]
[WhiteElo "2557"]
[BlackElo "2438"]
[WhiteCountry "ISL"]
[BlackCountry "POR"]
[Result "1/2-1/2"]

1. d4 f5 2. g3 Nf6 3. Bg2 g6 4. Nf3 Bg7 5. O-O c6 6. c4 O-O 7. b3 d6 8. Bb2 Ne4 
9. Nbd2 Nxd2 10. Qxd2 Nd7 11. Ng5 Nf6 12. d5 Bd7 13. h4 Qe8 14. Rae1 h6 
15. Nh3 Qf7 16. Bd4 a5 17. Nf4 c5 18. Bxf6 Bxf6 19. Ne6 Bxe6 20. dxe6 Qg7 
21. Bxb7 Ra7 22. Qd5 a4 23. e3 Bc3 24. Rc1 Qe5 25. bxa4 Bb2 26. Rc2 Rxa4 
27. Rb1 Rb4 28. Qxe5 Bxe5 29. Rxb4 cxb4 30. f4 Bc3 31. Bd5 Rb8 32. Kf2 Kg7 
33. Kf3 h5 34. Ke2 Rb6 35. Kf2 Kf6 36. Ke2 
1/2-1/2

[Event "34th Chess Olympiad (men)"]
[Site "Istanbul"]
[Date "2000.10.30"]
[Round "3.31.2"]
[White "Galego, Luis"]
[Black "Olafsson, Helgi"]
[WhiteElo "2419"]
[BlackElo "2478"]
[WhiteCountry "POR"]
[BlackCountry "ISL"]
[Result "1/2-1/2"]

1. e4 c5 2. Nf3 d6 3. c3 Nf6 4. Bb5+ Bd7 5. Bxd7+ Qxd7 6. d3 e6 7. O-O Be7 
8. a3 Nc6 9. Qe2 O-O 10. b4 b5 11. Rd1 a5 12. bxc5 dxc5 13. e5 Nd5 14. c4 Nc7 
15. a4 b4 16. Nbd2 f5 17. Nb3 Qe8 18. d4 cxd4 19. Nfxd4 Nxd4 20. Nxd4 Bc5 
21. Nb5 Na6 
1/2-1/2

[Event "34th Chess Olympiad (men)"]
[Site "Istanbul"]
[Date "2000.10.30"]
[Round "3.31.3"]
[White "Thorhallsson, Throstur"]
[Black "Rocha, Sergio"]
[WhiteElo "2454"]
[BlackElo "2374"]
[WhiteCountry "ISL"]
[BlackCountry "POR"]
[Result "1-0"]

1. e4 d5 2. exd5 Nf6 3. Bb5+ Nbd7 4. c4 a6 5. Ba4 b5 6. cxb5 Nxd5 7. Nc3 N5b6 
8. Bc2 e5 9. d4 axb5 10. Nxb5 Ba6 11. Nc3 exd4 12. Qxd4 Bc5 13. Qxg7 Qh4 
14. Qxh8+ Ke7 15. g3 Qg4 16. Qxh7 Bb7 17. Be4 Nf6 18. f3 Qe6 19. Bg5 Ra5 
20. Bxf6+ Qxf6 21. Qh4 
1-0

[Event "34th Chess Olympiad (men)"]
[Site "Istanbul"]
[Date "2000.10.30"]
[Round "3.31.4"]
[White "Dias, Paulo"]
[Black "Gunnarsson, Jon Viktor"]
[WhiteElo "2302"]
[BlackElo "2368"]
[WhiteCountry "POR"]
[BlackCountry "ISL"]
[Result "0-1"]

1. d4 Nf6 2. c4 c5 3. d5 b5 4. cxb5 a6 5. Nc3 axb5 6. e4 b4 7. Nb5 d6 8. Bf4 g5 
9. Bxg5 Nxe4 10. Bf4 Bg7 11. Qe2 Nf6 12. Nxd6+ Kf8 13. Nxc8 Qxc8 14. d6 exd6 
15. Bxd6+ Kg8 16. Qc4 Nbd7 17. Nf3 Qc6 18. Ng5 Nd5 19. Rd1 N7b6 20. Qxc5 Qe8+ 
21. Be2 h6 22. Rxd5 Nxd5 23. Qxd5 hxg5 24. O-O Rd8 25. Bc4 Rh6 
0-1